Statistics for 1960年7月時点の急行いわて停車駅

Click here to take the quiz!

General Stats

  • This quiz has been taken 47 times
  • The average score is 18 of 24

Answer Stats

駅名% Correct
盛岡
100%
仙台
100%
一ノ関
100%
上野
97%
花巻
97%
水戸
95%
95%
水沢
95%
青森
92%
北上
89%
小牛田
89%
日立
84%
野辺地
82%
原ノ町
82%
浅虫
74%
平泉
68%
塩釜
66%
浪江
63%
尻内
53%
一戸
47%
石鳥谷
37%
西平内
29%
浦町
18%
小繋
16%

Score Distribution

Percentile by Number Answered

Percent of People with Each Score

Your Score History

You have not taken this quiz